<?xml version="1.0" encoding="UTF-8"?>
<record
    xmlns:xsi="http://www.w3.org/2001/XMLSchema-instance"
    xsi:schemaLocation="http://www.loc.gov/MARC21/slim http://www.loc.gov/standards/marcxml/schema/MARC21slim.xsd"
    xmlns="http://www.loc.gov/MARC21/slim">

  <leader>02630cam a22003974a 4500</leader>
  <controlfield tag="001">6271264</controlfield>
  <controlfield tag="003">OSt</controlfield>
  <controlfield tag="005">20210806113817.0</controlfield>
  <controlfield tag="008">070807s2008    njua     b    001 0 eng  </controlfield>
  <datafield tag="010" ind1=" " ind2=" ">
    <subfield code="a">  2007026764</subfield>
  </datafield>
  <datafield tag="020" ind1=" " ind2=" ">
    <subfield code="a">8131704408</subfield>
  </datafield>
  <datafield tag="035" ind1=" " ind2=" ">
    <subfield code="a">(OCoLC)ocn145944460</subfield>
  </datafield>
  <datafield tag="035" ind1=" " ind2=" ">
    <subfield code="a">(OCoLC)145944460</subfield>
  </datafield>
  <datafield tag="035" ind1=" " ind2=" ">
    <subfield code="a">(NNC)6271264</subfield>
  </datafield>
  <datafield tag="038" ind1=" " ind2=" ">
    <subfield code="a">khadija</subfield>
  </datafield>
  <datafield tag="040" ind1=" " ind2=" ">
    <subfield code="a">DLC</subfield>
    <subfield code="c">DLC</subfield>
    <subfield code="d">BAKER</subfield>
    <subfield code="d">C#P</subfield>
    <subfield code="d">YDXCP</subfield>
    <subfield code="d">OrLoB-B</subfield>
  </datafield>
  <datafield tag="050" ind1="0" ind2="0">
    <subfield code="a">QA76.73.C153</subfield>
    <subfield code="b">D45 2008</subfield>
  </datafield>
  <datafield tag="082" ind1="0" ind2="0">
    <subfield code="a">005.133 </subfield>
    <subfield code="2">22</subfield>
    <subfield code="b">DEI</subfield>
  </datafield>
  <datafield tag="100" ind1="1" ind2=" ">
    <subfield code="a">Deitel</subfield>
    <subfield code="9">81307</subfield>
  </datafield>
  <datafield tag="245" ind1="1" ind2="0">
    <subfield code="a">C++ How to Program \</subfield>
    <subfield code="c">P.J. Deitel, H.M. Deitel.</subfield>
  </datafield>
  <datafield tag="250" ind1=" " ind2=" ">
    <subfield code="a">5th ed.</subfield>
  </datafield>
  <datafield tag="260" ind1=" " ind2=" ">
    <subfield code="a">India</subfield>
    <subfield code="b">Pearson Prentice Hall,</subfield>
    <subfield code="c">c2006.</subfield>
  </datafield>
  <datafield tag="300" ind1=" " ind2=" ">
    <subfield code="a">xlix, 1429 p. :</subfield>
    <subfield code="b">ill. (some col.) ;</subfield>
    <subfield code="c">24 cm. +</subfield>
    <subfield code="e">1 CD-ROM (4 3/4 in.).</subfield>
  </datafield>
  <datafield tag="490" ind1="1" ind2=" ">
    <subfield code="a">How to program series</subfield>
  </datafield>
  <datafield tag="500" ind1=" " ind2=" ">
    <subfield code="a">Previous ed.: H.M. Deitel's name appeared first on t.p.</subfield>
  </datafield>
  <datafield tag="504" ind1=" " ind2=" ">
    <subfield code="a">Includes bibliographical references (p. [1390]-1395) and index.</subfield>
  </datafield>
  <datafield tag="505" ind1="0" ind2="0">
    <subfield code="g">1.</subfield>
    <subfield code="t">Introduction to computers, the Internet and the World Wide Web -- </subfield>
    <subfield code="g">2.</subfield>
    <subfield code="t">Introduction to C++ programming -- </subfield>
    <subfield code="g">3.</subfield>
    <subfield code="t">Introduction to classes and objects -- </subfield>
    <subfield code="g">4.</subfield>
    <subfield code="t">Control statements : part 1 -- </subfield>
    <subfield code="g">5.</subfield>
    <subfield code="t">Control statements : part 2 -- </subfield>
    <subfield code="g">6.</subfield>
    <subfield code="t">Functions and an introduction to recursion -- </subfield>
    <subfield code="g">7.</subfield>
    <subfield code="t">Arrays and vectors -- </subfield>
    <subfield code="g">8.</subfield>
    <subfield code="t">Pointers and pointer-based strings -- </subfield>
    <subfield code="g">9.</subfield>
    <subfield code="t">Classes : a deeper look, part 1 -- </subfield>
    <subfield code="g">10.</subfield>
    <subfield code="t">Classes : a deeper look, part 2 -- </subfield>
    <subfield code="g">11.</subfield>
    <subfield code="t">Operator overloading; string and array objects -- </subfield>
    <subfield code="g">12.</subfield>
    <subfield code="t">Object-oriented programming : inheritance -- </subfield>
    <subfield code="g">13.</subfield>
    <subfield code="t">Object-oriented programming : polymorphism -- </subfield>
    <subfield code="g">14.</subfield>
    <subfield code="t">Templates -- </subfield>
    <subfield code="g">15.</subfield>
    <subfield code="t">Stream input/output -- </subfield>
    <subfield code="g">16.</subfield>
    <subfield code="t">Exception handling -- </subfield>
    <subfield code="g">17.</subfield>
    <subfield code="t">File processing -- </subfield>
    <subfield code="g">18.</subfield>
    <subfield code="t">Class string and string stream processing -- </subfield>
    <subfield code="g">19.</subfield>
    <subfield code="t">Searching and sorting -- </subfield>
    <subfield code="g">20.</subfield>
    <subfield code="t">Data structures -- </subfield>
    <subfield code="g">21.</subfield>
    <subfield code="t">Bits, characters, C strings and structs -- </subfield>
    <subfield code="g">22.</subfield>
    <subfield code="t">Standard template library (STL) -- </subfield>
    <subfield code="g">23.</subfield>
    <subfield code="t">Game programming with Ogre -- </subfield>
    <subfield code="g">24.</subfield>
    <subfield code="t">Boost libraries, technical report I and C++0x -- </subfield>
    <subfield code="g">25.</subfield>
    <subfield code="t">Other topics -- </subfield>
    <subfield code="g">A.</subfield>
    <subfield code="t">Operator precedence and associativity chart -- </subfield>
    <subfield code="g">B.</subfield>
    <subfield code="t">ASCII character set -- </subfield>
    <subfield code="g">C.</subfield>
    <subfield code="t">Fundamental types -- </subfield>
    <subfield code="g">D.</subfield>
    <subfield code="t">Number systems -- </subfield>
    <subfield code="g">E.</subfield>
    <subfield code="t">C legacy code topics -- </subfield>
    <subfield code="g">F.</subfield>
    <subfield code="t">Preprocessor -- </subfield>
    <subfield code="g">G.</subfield>
    <subfield code="t">ATM case study code -- </subfield>
    <subfield code="g">H.</subfield>
    <subfield code="t">UML 2 : additional diagram types -- </subfield>
    <subfield code="g">I.</subfield>
    <subfield code="t">Using the Visual Studio Debugger -- </subfield>
    <subfield code="g">J.</subfield>
    <subfield code="t">Using the GNU C++ Debugger.</subfield>
  </datafield>
  <datafield tag="563" ind1=" " ind2=" ">
    <subfield code="a">paper back</subfield>
  </datafield>
  <datafield tag="650" ind1=" " ind2="0">
    <subfield code="a">C++ (Computer program language)</subfield>
    <subfield code="9">1810</subfield>
  </datafield>
  <datafield tag="700" ind1="1" ind2=" ">
    <subfield code="a">Deitel, Harvey M.,</subfield>
    <subfield code="d">1945-</subfield>
    <subfield code="9">17972</subfield>
  </datafield>
  <datafield tag="700" ind1="1" ind2=" ">
    <subfield code="a">Deitel, Harvey M.,</subfield>
    <subfield code="d">1945-</subfield>
    <subfield code="t">C++ how to program.</subfield>
    <subfield code="9">81308</subfield>
  </datafield>
  <datafield tag="830" ind1=" " ind2="0">
    <subfield code="a">How to program series.</subfield>
    <subfield code="9">17973</subfield>
  </datafield>
  <datafield tag="900" ind1=" " ind2=" ">
    <subfield code="b">TOC</subfield>
  </datafield>
  <datafield tag="942" ind1=" " ind2=" ">
    <subfield code="2">ddc</subfield>
    <subfield code="c">BK</subfield>
  </datafield>
  <datafield tag="948" ind1="1" ind2=" ">
    <subfield code="a">20070918</subfield>
    <subfield code="b">c</subfield>
    <subfield code="c">sds12</subfield>
    <subfield code="d">MPS</subfield>
  </datafield>
  <datafield tag="999" ind1=" " ind2=" ">
    <subfield code="c">31868</subfield>
    <subfield code="d">31868</subfield>
  </datafield>
  <datafield tag="952" ind1=" " ind2=" ">
    <subfield code="0">0</subfield>
    <subfield code="1">0</subfield>
    <subfield code="2">ddc</subfield>
    <subfield code="4">0</subfield>
    <subfield code="7">0</subfield>
    <subfield code="a">SMME</subfield>
    <subfield code="b">SMME</subfield>
    <subfield code="c">REF</subfield>
    <subfield code="d">2015-07-07</subfield>
    <subfield code="l">1</subfield>
    <subfield code="o">005.133 DEI</subfield>
    <subfield code="p">SMME-426</subfield>
    <subfield code="r">2025-11-20</subfield>
    <subfield code="s">2025-11-20</subfield>
    <subfield code="w">2015-07-07</subfield>
    <subfield code="y">BK</subfield>
    <subfield code="z">Rack,9-Shelf,1</subfield>
  </datafield>
</record>
